Music Quiz

Random Music or Song Quiz

Chorus-oke: Elton John Quiz Stats

 Plays Quiz Updated Jun 5, 2019

Score 0/40 Timer 06:00
2 Plays Today
% Correct
This is your song
93.1%
Candle in the wind
92.8%
While you're in the world
92.6%
I hope you don't mind
92.6%
Tiny dancer
92.4%
They call it the blues
91.6%
A long, long time
91.6%
They call it the blues
91%
In words
90.8%
But now that it's done
88.9%
I'm a rocket man
88.4%
On the highway
86.8%
Your legend ever did
86.8%
To have known you
86.7%
You lived your life
85.5%
'Round again to find
83.1%
Just a kid
82.1%
When the rain set in
82%
They think I am at home
80.9%
Busy day today
78.7%
% Correct
Living like lovers
77.1%
In sheets of linen
75.5%
Under the covers
74.5%
Could be time spent with you
72.6%
Up here alone
71.4%
Sons of lawyers
66%
And mad hatters
61.4%
That won't heal
60.6%
Believe the very best
60.5%
My brother
59.4%
But you see more than I
58.2%
Dark outside or light
56.4%
In the face of the sky
55.6%
'Good morning' to the night
55.5%
See the sky
52.5%
Do you still feel the pain?
51.6%
It is where we are
48.2%
That we got this far
45.1%
And that is why
43.2%
How it's laid to rest
36.9%

You're not logged in!

Compare scores with friends on all Sporcle quizzes.
OR
Log In

Sporcle TV

Today on Sporcle TV


Watch our educational content, quiz creation guides, and fun videos on Sporcle TV.

Show Comments

Extras

Top Quizzes Today


Score Distribution

Your Account Isn't Verified!

In order to create a playlist on Sporcle, you need to verify the email address you used during registration. Go to your Sporcle Settings to finish the process.

Report this User

Report this user for behavior that violates our Community Guidelines.

Details: